| 000 | 00638nam a2200193Ia 4500 | ||
|---|---|---|---|
| 003 | GCL | ||
| 008 | 140319s9999 xx 000 0 ara d | ||
| 040 |
_aGCL / _cGCL |
||
| 082 | 0 | 4 |
_a001.6424 _bع ا |
| 100 | 1 | _aعبداللطيف ابوالسعود | |
| 245 | 1 | 0 |
_aاعداد برامج الكمبيوتر:6,5, بيزيك / _cعبداللطيف ابوالسعود |
| 260 |
_a[S.N] : _bدار الراتب الجامعية |
||
| 300 | _a2 ج | ||
| 490 | _a | ||
| 650 | 0 | 4 | _aباسيك |
| 650 | 0 | 4 | _aبرامج الحاسبات الالكترونية |
| 650 | 0 | 4 | _aالحاسبات الالكترونية- لغات |
| 942 |
_2ddc _cBK |
||
| 999 |
_c54278 _d54278 |
||